000 00428nam a2200145Ia 4500
008 231221s9999 xx 000 0 und d
020 _a9790000000000
041 _aEnglish
082 _a372.7 FAT;1 R
100 _aFatima, Roohi
245 0 _aTeaching aids in mathematics, a hand book for elementary teachers
260 _c2008
_bKanishka Publishers
_aNew Delhi
650 _aaids,mathematics,,hand,teachers
942 _cED
999 _c207181
_d207181